| 000 | 00000nam##2200000za#4500 |
| 001 | 9.571596 |
| 003 | CaOODSP |
| 005 | 20211126112844 |
| 007 | cr ||||||||||| |
| 008 | 150406|2002||||xxc|||||o f|0| 0 eng|d |
| 022 | |a1701-9397 |
| 040 | |aCaOODSP|beng |
| 043 | |an-cn--- |
| 086 | 1 |aFB3-2/102-16E-PDF |
| 110 | 2 |aBank of Canada. |
| 245 | 12|aA market microstructure analysis of foreign exchange intervention in Canada / |h[electronic resource]|cby Chris D'Souza. |
| 260 | |aOttawa - Ontario : |bBank of Canada |cJune 2002. |
| 300 | |a74p.|bfig., graphs, tables |
| 490 | 1 |aBank of Canada working paper|x1701-9397|v2002-16 |
| 500 | |a"This paper clarifies the role and the impact of foreign exchange dealers in the relationship between foreign exchange intervention and nominal exchange rates using a unique dataset that disaggregates trades by dealer and by type of trade."--Abstract. |
| 500 | |aThe ISSN (1192-5434) for the print edition has been incorrectly copied in this electronic publication. |
| 504 | |aBibliography. |
| 546 | |aRésumé en français. |
| 590 | |a11-19-Supp|b2011-09-23 |
| 720 | 1 |aD'Souza, Chris |
| 776 | 0#|tA market microstructure analysis of foreign exchange intervention in Canada / |w(CaOODSP)9.615989 |
| 830 | #0|aWorking paper (Bank of Canada)|x1701-9397|v2002-16|w(CaOODSP)9.504604 |
| 856 | 40|ahttp://publications.gc.ca|qPDF|s597 KB|uhttps://publications.gc.ca/collections/Collection/FB3-2-102-16E.pdf|y2002-16 |